| 000 | 00730nam a22002297a 4500 | ||
|---|---|---|---|
| 005 | 20170124110122.0 | ||
| 010 | _a767120 | ||
| 020 | _c00.00 | ||
| 035 | _a767120 | ||
| 037 | _bCen Lib/Ret | ||
| 040 |
_aDPL _bEN |
||
| 082 |
_a921 _bSCH |
||
| 100 |
_aSchrader, Herbert L. _9102347 |
||
| 245 |
_aNo other way : _cby Herbert L. Schrader; translated from the german by E. Osers _bthe story of a doctor from East Germany / |
||
| 260 |
_bLondon _aGeorge G. Harrap _c1963 |
||
| 270 |
_bLondon _a182 High Holborn |
||
| 300 |
_a255p. _c21cm(Hb) |
||
| 650 |
_aSchrader, Herbert L., -- 1919- _9102348 |
||
| 650 |
_aMedicine -- Germany (East) _9102349 |
||
| 700 |
_aOsers, E. _930760 |
||
| 942 |
_2ddc _cEN _h921 _mSCH |
||
| 999 |
_c131077 _d131077 |
||